ROBERT LUDLUM'S THE BOURNE ASCENDANCY: A NEW JASON BOURNE NOVEL (Record no. 216467)

MARC details
000 -LEADER
fixed length control field 00421nam a22001457a 4500
008 - FIXED-LENGTH DATA ELEMENTS--GENERAL INFORMATION
fixed length control field 260116b |||||||| |||| 00| 0 eng d
020 ## - INTERNATIONAL STANDARD BOOK NUMBER
International Standard Book Number 978-1-4555-7753-8
050 ## - LIBRARY OF CONGRESS CALL NUMBER
Classification number PE 1128 .M64 1983 V.3 C.18
100 ## - MAIN ENTRY--PERSONAL NAME
Personal name LUSTBADER, ERIC VAN
245 ## - TITLE STATEMENT
Title ROBERT LUDLUM'S THE BOURNE ASCENDANCY: A NEW JASON BOURNE NOVEL
260 ## - PUBLICATION, DISTRIBUTION, ETC.
Place of publication, distribution, etc. NEW YORK
Name of publisher, distributor, etc. MYN PYN
Date of publication, distribution, etc. 2014
300 ## - PHYSICAL DESCRIPTION
Extent VI,454P.
942 ## - ADDED ENTRY ELEMENTS (KOHA)
Source of classification or shelving scheme Library of Congress Classification
Koha item type Long Loan Book

No items available.